[Event "Ogolnopolska Olimpiada Mlodziezy w Sportach Umyslowych - C12"]
[Site "Walbrzych, Zamek Ksiaz"]
[Date "2013-04-18"]
[Round "3.8"]
[White "Miszkielo, Bartosz"]
[Black "Zolkiewski, Jakub"]
[Result "0-1"]
[WhiteTitle "II+"]
[BlackTitle "II"]
[WhiteElo "1656"]
[BlackElo "1489"]

1. e4 c5 2. Nf3 Nc6 3. Bb5 a6 4. Bxc6 bxc6 5. Nc3 d6 6. h3 e5 7. d3 h6 8. O-O Nf6
9. Re1 Be7 10. Kh1 O-O 11. Nh2 Be6 12. f4 Qc7 13. f5 Bc8 14. g4 Nh7 15. Nf3 Qd8
16. Rg1 Ng5 17. Bxg5 Bxg5 18. Qe1 Be7 19. g5 hxg5 20. Qg3 f6 21. h4 Kf7 22. Rg2
g6 23. hxg5 fxg5 24. Nxg5+ Bxg5 25. Qxg5 Qxg5 26. Rxg5 gxf5 27. exf5 Ke7 28. Rf1
Rb8 29. b3 Rb4 30. Ne4 Be6 31. c3 Rbb8 32. Kg1 Bd5 33. c4 Bxe4 34. dxe4 Rg8 35.
Rg2 Rxg2+ 36. Kxg2 Rg8+ 37. Kf3 Kf6 38. Rh1 Rd8 39. Rh7 d5 40. Rh6+ Kg5 41. Rg6+
Kh5 42. cxd5 cxd5 43. exd5 Rxd5 44. Ke4 Rd2 45. Rxa6 Re2+ 46. Kd3 Rf2 47. Rc6
Rxf5 48. Rxc5 e4+ 49. Kxe4 Rxc5 50. Kd4 Rc8 51. a4 Kg5 52. b4 Kf6 53. a5 Ke6 54.
b5 Kd6 55. a6 Rc1 56. b6 Ra1 57. Kc4 Kc6 58. b7 Rb1 59. Kd4 Rb6 60. Kc4 Kc7 0-1

[Event "Ogolnopolska Olimpiada Mlodziezy w Sportach Umyslowych - C12"]
[Site "Walbrzych, Zamek Ksiaz"]
[Date "2013-04-18"]
[Round "3.9"]
[White "Sernecki, Franciszek"]
[Black "Mendak, Mateusz"]
[Result "1/2-1/2"]
[WhiteTitle "II+"]
[BlackTitle "II"]
[WhiteElo "1696"]
[BlackElo "1565"]

1. e4 c5 2. Nf3 e6 3. d4 cxd4 4. Nxd4 Nc6 5. Nc3 Qc7 6. g3 a6 7. Bg2 Nf6 8. O-O
b5 9. Be3 Bb7 10. Re1 Rc8 11. Nxc6 Qxc6 12. a3 a5 13. Bd4 Be7 14. Re2 O-O 15.
f4 Bc5 16. e5 Nd5 17. Nxd5 exd5 18. c3 Rfe8 19. Rd2 d6 20. exd6 Qxd6 21. Qg4 g6
22. Qf3 Qb6 23. Qf2 Bxd4 24. Rxd4 Rc4 25. Rad1 Rxd4 26. Rxd4 Qc5 27. Rd2 Re1+
28. Bf1 Qe7 29. Re2 Rxe2 30. Qxe2 Qxe2 31. Bxe2 Bc6 32. Kf2 Kf8 33. Ke3 Ke7 34.
Kd4 Kd6 35. Bf3 a4 36. h3 h6 37. g4 g5 38. f5 f6 39. Bg2 Bb7 40. Bf1 Bc6 41. Bg2
Bb7 1/2-1/2

[Event "Ogolnopolska Olimpiada Mlodziezy w Sportach Umyslowych - C12"]
[Site "Walbrzych, Zamek Ksiaz"]
[Date "2013-04-18"]
[Round "3.10"]
[White "Szymanowski, Igor"]
[Black "Polczyk, Mikolaj"]
[Result "1/2-1/2"]
[WhiteTitle "II"]
[BlackTitle "II+"]
[WhiteElo "1654"]
[BlackElo "1515"]

1. e4 e6 2. d4 d5 3. e5 c5 4. c3 Nc6 5. Nf3 Bd7 6. dxc5 Bxc5 7. Bd3 Nge7 8. O-O
Qc7 9. b4 Bb6 10. Re1 Ng6 11. Bxg6 hxg6 12. a4 a6 13. Qe2 a5 14. Na3 Na7 15. b5
Qxc3 16. Be3 Bxe3 17. fxe3 Nc8 18. Rec1 Qb4 19. Nc2 Qe7 20. e4 g5 21. Nfd4 Rh4
22. g4 f6 23. exf6 gxf6 24. Re1 e5 25. Nf5 Bxf5 26. exf5 Nb6 27. Ne3 Kf7 28. Ra2
Rc8 29. Qg2 Rc5 30. Rd2 d4 31. Nc2 Qc7 32. Qe4 d3 33. Ne3 Nc4 34. Nxc4 Rxc4 35.
Qd5+ Kg7 36. Rxd3 Rhxg4+ 37. Kh1 Rgd4 38. Rxd4 Rxd4 39. Qf3 g4 40. Rg1 Rxa4 41.
Rxg4+ Rxg4 42. Qxg4+ Kf8 43. Qd1 Ke7 44. Qg1 Kd6 45. h4 Qc5 46. Qg7 Qc1+ 47. Kg2
Qd2+ 48. Kh1 Qe1+ 49. Kg2 Qe2+ 50. Kh3 Qf1+ 51. Kh2 Qf2+ 52. Kh3 Qxf5+ 53. Kh2
Qf2+ 54. Kh3 Qf3+ 55. Kh2 Kc5 56. Qc7+ Kxb5 57. Qd7+ Qc6 58. Qd3+ Kb6 59. Qd8+
Ka6 60. Qd3+ Ka7 61. h5 a4 62. h6 f5 63. h7 Qh6+ 64. Qh3 Qd2+ 65. Qg2 Qh6+ 66.
Qh3 Qd2+ 67. Qg2 1/2-1/2

[Event "Ogolnopolska Olimpiada Mlodziezy w Sportach Umyslowych - C12"]
[Site "Walbrzych, Zamek Ksiaz"]
[Date "2013-04-18"]
[Round "3.11"]
[White "Ryk, Mikolaj"]
[Black "Kawaler, Adam"]
[Result "1/2-1/2"]
[WhiteTitle "II"]
[BlackTitle "II+"]
[WhiteElo "1555"]
[BlackElo "1633"]

1. c4 c5 2. Nc3 Nc6 3. g3 g6 4. Bg2 Bg7 5. e3 e6 6. Nge2 Nge7 7. O-O O-O 8. d4
d6 9. a3 cxd4 10. exd4 d5 11. cxd5 exd5 12. Bg5 Be6 13. Nf4 Qb6 14. Bxe7 Nxe7
15. Ncxd5 Nxd5 16. Nxd5 Bxd5 17. Bxd5 Bxd4 18. Rb1 Rad8 19. Qf3 Bxb2 20. Bxb7
Rb8 21. Bd5 Qa5 22. Rfd1 Qxa3 23. Bxf7+ Kg7 24. Qxa3 Bxa3 25. Rxb8 Rxb8 26. Rd7
Bc5 27. Bc4+ Kh6 28. h4 Rf8 29. Rf7 Rxf7 30. Bxf7 Kh5 31. Kg2 Kg4 32. Be6+ Kh5
33. f3 a5 34. Bg8 Kh6 35. Bb3 g5 36. hxg5+ Kxg5 37. g4 Kf4 38. Bg8 h6 39. Bb3
Be3 40. Ba4 Ke5 41. Bc2 Bf4 42. Ba4 Kd4 43. Bd1 Kc4 44. Kh3 Kb4 45. Kh4 a4 1/2-1/2

[Event "Ogolnopolska Olimpiada Mlodziezy w Sportach Umyslowych - C12"]
[Site "Walbrzych, Zamek Ksiaz"]
[Date "2013-04-18"]
[Round "3.12"]
[White "Muzyka, Dominik"]
[Black "Majocha, Piotr"]
[Result "1/2-1/2"]
[WhiteTitle "II"]
[BlackTitle "II"]
[WhiteElo "1610"]
[BlackElo "1503"]

1. e4 e6 2. d4 d5 3. Nd2 Nf6 4. e5 Nfd7 5. Bd3 c5 6. c3 a6 7. Ndf3 Nc6 8. Ne2 Qb6
9. O-O Qa7 10. Be3 b5 11. Nf4 cxd4 12. cxd4 Nb6 13. b3 Be7 14. a3 Bd7 15. Qb1
h6 16. Nh5 Bf8 17. Nd2 Nc8 18. Qb2 N8e7 19. Rac1 Qb6 20. Rc2 Rc8 21. g4 Na5 22.
Rxc8+ Bxc8 23. f4 g6 24. Nf6+ Kd8 25. h4 Ng8 26. Nxg8 Rxg8 27. Rc1 Be7 28. g5
h5 29. Qc3 Bb7 30. Qb2 Kd7 31. Nf3 Rc8 32. Rxc8 Kxc8 33. Bd2 Nc6 34. Be2 a5 35.
Be3 Kd7 36. Bd3 Ba6 37. Ne1 b4 38. a4 Nd8 39. Qe2 Bxd3 40. Qxd3 Nb7 41. Qc2 Qc6
42. Qd1 1/2-1/2

[Event "Ogolnopolska Olimpiada Mlodziezy w Sportach Umyslowych - C12"]
[Site "Walbrzych, Zamek Ksiaz"]
[Date "2013-04-18"]
[Round "3.13"]
[White "Posluszny, Tomasz"]
[Black "Poplawski, Maciej"]
[Result "1-0"]
[WhiteTitle "II"]
[BlackTitle "II"]
[WhiteElo "1516"]
[BlackElo "1605"]

1. d4 d5 2. c4 e6 3. Nc3 Nf6 4. Bg5 c6 5. Nf3 Nbd7 6. e3 Qa5 7. Nd2 Bb4 8. Qc2
O-O 9. Bxf6 Nxf6 10. Be2 Re8 11. O-O e5 12. a3 Bd6 13. b4 Qd8 14. c5 Bb8 15. Rfe1
Qc7 16. g3 Ng4 17. Bf3 Qd8 18. Bg2 Qg5 19. Nf3 Qf6 20. dxe5 Nxe5 21. Nd4 Nc4 22.
b5 Ne5 23. e4 cxb5 24. exd5 Qd8 25. Ncxb5 a6 26. Nc3 Ba7 27. Ne4 Bb8 28. f4 Ng4
29. h3 Nh6 30. Qa4 Kf8 31. Ng5 Bd7 32. c6 b5 33. Qb4+ Kg8 34. cxd7 Qxd7 35. Rxe8+
Qxe8 36. d6 Qe3+ 37. Kh2 Ra7 38. Nc6 Nf5 39. Nxa7 Qxg3+ 40. Kh1 Ne3 41. Qe4 Bxd6
42. Qe8+ Bf8 43. Qxf7+ Kh8 44. Qxf8# 1-0

[Event "Ogolnopolska Olimpiada Mlodziezy w Sportach Umyslowych - C12"]
[Site "Walbrzych, Zamek Ksiaz"]
[Date "2013-04-18"]
[Round "3.14"]
[White "Tustanowski, Mateusz"]
[Black "Blocinski, Maciej"]
[Result "1/2-1/2"]
[WhiteTitle "II+"]
[BlackTitle "II+"]
[WhiteElo "1602"]
[BlackElo "1444"]

1. e4 e5 2. Nf3 Nc6 3. Bc4 Nf6 4. d3 Be7 5. Nc3 d6 6. h3 O-O 7. Be3 Na5 8. Qe2
c5 9. a4 Nc6 10. Bg5 Nd4 11. Nxd4 cxd4 12. Bxf6 dxc3 13. Bxe7 cxb2 14. Rb1 Qxe7
15. Rxb2 Qg5 16. O-O Bxh3 17. f4 exf4 18. Rb5 Qg6 19. Rxb7 Be6 20. Rxf4 Qg5 21.
Qf2 Bxc4 22. dxc4 Rab8 23. Rfxf7 Qc1+ 24. Kh2 Qh6+ 25. Kg3 Qg5+ 26. Kh3 Qh6+ 27.
Kg3 Qg5+ 28. Kh2 Qh6+ 29. Kg1 Qc1+ 30. Kh2 Qh6+ 31. Kg1 Qc1+ 32. Kh2 Qh6+ 33.
Kg1 Qc1+ 1/2-1/2

[Event "Ogolnopolska Olimpiada Mlodziezy w Sportach Umyslowych - C12"]
[Site "Walbrzych, Zamek Ksiaz"]
[Date "2013-04-18"]
[Round "3.15"]
[White "Ochowicz, Jakub"]
[Black "Rak, Maciej"]
[Result "1/2-1/2"]
[WhiteTitle "II"]
[BlackTitle "III"]
[WhiteElo "1597"]
[BlackElo "1352"]

1. e4 c5 2. Nf3 e6 3. d4 cxd4 4. Nxd4 a6 5. Bd3 Nf6 6. O-O d6 7. Qe2 Nbd7 8. c4
b6 9. f4 Qc7 10. Nc3 g6 11. Bd2 Bg7 12. Nf3 O-O 13. b4 Bb7 14. Rac1 Qd8 15. Rfd1
Qe7 16. Bb1 a5 17. Nb5 Bc6 18. Nfd4 Bb7 19. bxa5 bxa5 20. Nb3 a4 21. Na5 Nc5 22.
Nxb7 Nxb7 23. Bb4 Rfd8 24. e5 Ne8 25. Rd3 Bf8 26. Rcd1 Ra6 27. a3 Rc6 28. Ba2
Kg7 29. Nd4 Rb6 30. Rb1 Ra6 31. Rbd1 Rb6 32. exd6 Rbxd6 33. Bxd6 Nexd6 34. Nc6
Qf6 35. Nxd8 Nxd8 36. Qe5 N8b7 37. Kf1 Qxe5 38. fxe5 Nf5 39. g4 Ne7 40. Kg2 Nc5
41. Re3 h5 42. h3 h4 43. Rf1 Nc6 44. Rfe1 Nd4 45. Rc3 Be7 46. Bb1 Ncb3 47. Rd1
Nc6 48. Bc2 Nc5 49. Re3 Na5 50. Bd3 Nxd3 51. Rexd3 Nxc4 52. Re1 Nxa3 53. Ra1 Nc4
54. Rxa4 Nxe5 55. Rd2 Bg5 56. Re2 Nd3 57. Rea2 Nf4+ 58. Kf3 Nd5 59. Ra7 Nf4 60.
R7a4 Nd5 61. Rd4 Bf6 62. Rc4 Bg5 63. Ra5 Bf6 64. Rcc5 Bc3 65. Ra4 Bf6 66. Ra3
Be7 67. Rxd5 Bxa3 68. Rd4 Bb2 1/2-1/2

[Event "Ogolnopolska Olimpiada Mlodziezy w Sportach Umyslowych - C12"]
[Site "Walbrzych, Zamek Ksiaz"]
[Date "2013-04-18"]
[Round "3.16"]
[White "Gaj, Szymon"]
[Black "Raczynski, Krzysztof"]
[Result "0-1"]
[WhiteTitle "II"]
[BlackTitle "II+"]
[WhiteElo "1365"]
[BlackElo "1593"]

1. d4 Nf6 2. c4 c5 3. d5 b5 4. cxb5 a6 5. bxa6 Bxa6 6. g3 d6 7. Bg2 g6 8. Bd2 Bg7
9. Bc3 O-O 10. Nh3 Nbd7 11. Nf4 Qc7 12. h4 h5 13. O-O Rab8 14. Qc2 Nb6 15. Bxf6
exf6 16. Nd2 f5 17. Rfb1 Nd7 18. e4 fxe4 19. Bxe4 Ne5 20. Kg2 Ng4 21. a3 Bd4 22.
Nh3 Bxf2 23. Kf3 Bd4 24. Nf4 Qe7 25. Nc4 Bxc4 26. Bxg6 Ne5+ 27. Kg2 fxg6 28. Nxg6
Bxd5+ 0-1

[Event "Ogolnopolska Olimpiada Mlodziezy w Sportach Umyslowych - C12"]
[Site "Walbrzych, Zamek Ksiaz"]
[Date "2013-04-18"]
[Round "3.17"]
[White "Ulatowski, Jakub"]
[Black "Wyczling, Bartosz"]
[Result "0-1"]
[WhiteTitle "II"]
[BlackTitle "II+"]
[WhiteElo "1455"]
[BlackElo "1704"]

1. e4 c5 2. Nf3 d6 3. d4 cxd4 4. Nxd4 Nf6 5. Nc3 a6 6. Be3 e5 7. Nb3 Be6 8. f3
Nbd7 9. Qd2 Be7 10. g4 b5 11. O-O-O Nb6 12. g5 Nh5 13. Nd5 Nxd5 14. exd5 Bd7 15.
Kb1 a5 16. Rg1 Qc7 17. Bd3 O-O 18. Qf2 a4 19. Nc1 a3 20. Nb3 axb2 21. Kxb2 Rfc8
22. Qd2 Ra4 23. Ka1 Qd8 24. Qf2 Qc7 25. Qd2 Nf4 26. Bxf4 Rxf4 27. Rg3 Bf8 28.
Re1 g6 29. Re4 Bg7 30. Kb1 Ra8 31. c3 Bf5 32. Rb4 Qa7 33. Bxf5 Rxb4 34. cxb4 gxf5
35. Rg2 Qc7 36. Qc2 Qxc2+ 37. Rxc2 Ra4 38. Rc6 Bf8 39. Rb6 Rxb4 40. Kb2 Kg7 41.
Rb7 Kg6 42. Rb8 Bg7 43. Rb6 e4+ 44. Kc2 Be5 45. fxe4 Rxe4 46. Rxb5 Re2+ 47. Kb1
Rb2+ 48. Kc1 Rxa2 49. Ra5 Rxa5 50. Nxa5 Bxh2 51. Nc4 Kxg5 52. Kd2 Bf4+ 53. Ke2
Kg4 54. Kf2 h5 55. Kg2 h4 56. Kh1 h3 57. Kg1 Kf3 58. Kh1 Ke4 59. Nb6 Kd4 60. Kg1
Kc5 61. Nd7+ Kxd5 62. Nf6+ Ke5 63. Nd7+ Ke6 64. Nb6 Be3+ 0-1

[Event "Ogolnopolska Olimpiada Mlodziezy w Sportach Umyslowych - C12"]
[Site "Walbrzych, Zamek Ksiaz"]
[Date "2013-04-18"]
[Round "3.18"]
[White "Kokoszczynski, Jan"]
[Black "Pacan-milej, Kosma"]
[Result "1/2-1/2"]
[WhiteTitle "II"]
[BlackTitle "II"]
[WhiteElo "1623"]
[BlackElo "1257"]

1. d4 d5 2. c4 c6 3. Nf3 Nf6 4. Qc2 e6 5. Bf4 Bd6 6. Bg5 Nbd7 7. Nc3 O-O 8. cxd5
exd5 9. e3 h6 10. Bh4 Re8 11. Bd3 b6 12. O-O Qc7 13. Rac1 a6 14. Bf5 Ra7 15. Na4
Bb7 16. Nc3 Bc8 17. Rfe1 g5 18. Bg3 Bxg3 19. hxg3 Nb8 20. Bxc8 Qxc8 21. e4 dxe4
22. Nxe4 Nxe4 23. Rxe4 Rae7 24. Rxe7 Rxe7 25. d5 c5 26. Rd1 Qd8 27. Qd3 b5 28.
b3 Qd6 29. Qf5 Nd7 30. Kh1 Ne5 31. Nxe5 Rxe5 32. Qc8+ Kg7 33. Qc6 Re6 34. Qxd6
Rxd6 35. f4 Kf6 36. Kg1 gxf4 37. gxf4 Kf5 38. g3 Ke4 39. Re1+ Kxd5 40. Re5+ Kc6
41. Rf5 f6 42. Rh5 Rd1+ 43. Kg2 Rd2+ 44. Kf3 Rxa2 45. Rxh6 Ra3 46. Rxf6+ Kd5 47.
g4 Rxb3+ 48. Kf2 Rb2+ 49. Kg3 Rb3+ 50. Kg2 Rb2+ 51. Kh3 Rb3+ 52. Kh2 Rb2+ 53.
Kh3 Rb3+ 54. Kg2 Rb2+ 55. Kh3 Rb3+ 1/2-1/2

[Event "Ogolnopolska Olimpiada Mlodziezy w Sportach Umyslowych - C12"]
[Site "Walbrzych, Zamek Ksiaz"]
[Date "2013-04-18"]
[Round "3.21"]
[White "Dabrowski, Damian"]
[Black "Wierzbicki, Michal"]
[Result "1/2-1/2"]
[WhiteTitle "II"]
[BlackTitle "II"]
[WhiteElo "1589"]
[BlackElo "1405"]

1. e4 e6 2. d4 d5 3. Nd2 dxe4 4. Nxe4 Nd7 5. Nf3 Ngf6 6. Bg5 Be7 7. Bxf6 Nxf6 8.
Bd3 O-O 9. O-O c6 10. c3 Nxe4 11. Bxe4 Bf6 12. Qd3 g6 13. Kh1 Bg7 14. Qe3 Bd7
15. Rg1 Qc7 16. g3 Rfe8 17. Rae1 Rad8 18. Bc2 b6 19. h4 c5 20. dxc5 Qxc5 21. Qxc5
bxc5 22. Rd1 Bc6 23. Kg2 Bf6 24. Rge1 Rxd1 25. Bxd1 Rd8 26. Be2 Rd2 27. Bb5 Bxf3+
28. Kxf3 Rxb2 29. Bc4 Bxc3 30. Re2 Rb4 31. Bb3 c4 32. Bc2 Rb2 33. Ba4 Rxe2 34.
Kxe2 Bg7 35. g4 h5 36. f3 Bf6 37. gxh5 Bxh4 38. hxg6 fxg6 39. Ke3 c3 40. Kd4 Bf6+
41. Kc5 Be5 42. Kc6 Kf7 43. Kd7 Kf6 44. Bc2 g5 45. Bd3 Bd4 46. Kd6 Bb6 47. Be4
Bd4 48. Bd3 e5 49. Be4 g4 50. fxg4 Kg5 51. Bf5 Kf4 52. Kd5 Be3 53. a4 Bd4 54.
Kc4 Kg5 1/2-1/2

[Event "Ogolnopolska Olimpiada Mlodziezy w Sportach Umyslowych - C12"]
[Site "Walbrzych, Zamek Ksiaz"]
[Date "2013-04-18"]
[Round "4.2"]
[White "Garbowski, Jakub"]
[Black "Kosakowski, Jakub"]
[Result "0-1"]
[WhiteTitle "II+"]
[BlackTitle "I"]
[WhiteElo "1687"]
[BlackElo "1754"]

1. e4 c5 2. Nf3 d6 3. d4 cxd4 4. Nxd4 Nf6 5. Nc3 a6 6. Be2 e5 7. Nb3 Be7 8. O-O
O-O 9. Re1 Be6 10. Bf3 Nbd7 11. a4 Rc8 12. a5 Qc7 13. Be3 Rfd8 14. Nd2 Nc5 15.
Nf1 g6 16. h3 Qc6 17. Bg5 b5 18. axb6 Qxb6 19. Qd2 Ncd7 20. Na4 Qc6 21. Nc3 Rb8
22. Reb1 Rdc8 23. Ne3 Bf8 24. Ncd5 Bxd5 25. exd5 Qb7 26. Be2 Ne4 27. Qa5 Rc5 28.
Qe1 Nxg5 29. b4 Rc7 30. Bxa6 Qb6 31. c3 Ra7 32. Nc4 Qc7 33. h4 Rba8 34. Bb5 Rxa1
35. Rxa1 Rxa1 36. Qxa1 Ne4 37. f3 Nef6 38. Qa8 Nb6 39. Qc6 Nbxd5 40. Ba4 Qa7+
41. Kh2 Qf2 42. Nxd6 Nf4 0-1

[Event "Ogolnopolska Olimpiada Mlodziezy w Sportach Umyslowych - C12"]
[Site "Walbrzych, Zamek Ksiaz"]
[Date "2013-04-18"]
[Round "4.3"]
[White "Zolkiewski, Jakub"]
[Black "Chylewski, Patryk"]
[Result "0-1"]
[WhiteTitle "II"]
[BlackTitle "I"]
[WhiteElo "1489"]
[BlackElo "1729"]

1. d4 Nf6 2. c4 g6 3. Nc3 d5 4. cxd5 Nxd5 5. e4 Nxc3 6. bxc3 Bg7 7. Bc4 c5 8. Ne2
O-O 9. O-O Nc6 10. Be3 Qa5 11. Rb1 a6 12. f3 b5 13. Bd3 Rd8 14. Bc2 cxd4 15. cxd4
Qb6 16. Bb3 e6 17. Kh1 Bb7 18. Qe1 a5 19. a4 b4 20. Qf2 Qa6 21. Rfd1 Ne7 22. Rbc1
Rac8 23. Bg5 Qd6 24. e5 Qd7 25. Qh4 Nf5 26. Qf2 Re8 27. Kg1 h6 28. Be3 Nxe3 29.
Qxe3 Bd5 30. Rb1 Rc7 31. Rbc1 Rec8 32. Rxc7 Rxc7 33. Qd3 Bf8 34. Kf2 h5 35. Rd2
Bh6 36. Rc2 Bxb3 37. Rxc7 Qxc7 38. Qxb3 Qc6 39. g3 Bd2 40. h3 Qd5 41. Qc2 Bc3
42. Ke3 Qc4 43. g4 hxg4 44. hxg4 Kf8 45. f4 Kg8 46. g5 Kg7 47. Ke4 b3 48. Qd3
Qd5+ 49. Ke3 Bb4 50. Qb1 Ba3 51. Nc3 Qc4 52. Qd3 Bc1+ 53. Ke4 Qxd3+ 54. Kxd3 Bxf4
55. Ne4 b2 56. Kc2 Bc1 57. Kb1 Be3 58. Kxb2 Bxd4+ 59. Kb3 Bxe5 60. Kc4 f5 61.
gxf6+ Bxf6 62. Nxf6 Kxf6 63. Kb5 g5 64. Kxa5 g4 65. Ka6 g3 66. a5 g2 67. Kb7 g1=Q
68. a6 e5 69. Ka8 e4 70. Kb7 Qb1+ 71. Ka8 e3 72. a7 Qa1 73. Kb8 e2 0-1

[Event "Ogolnopolska Olimpiada Mlodziezy w Sportach Umyslowych - C12"]
[Site "Walbrzych, Zamek Ksiaz"]
[Date "2013-04-18"]
[Round "4.4"]
[White "Psyk, Radoslaw"]
[Black "Woloch, Oskar"]
[Result "1-0"]
[WhiteTitle "I"]
[BlackTitle "II"]
[WhiteElo "1782"]
[BlackElo "1706"]

1. e4 e5 2. Nf3 Nc6 3. Bb5 f5 4. d3 fxe4 5. dxe4 Nf6 6. O-O Bc5 7. Bg5 d6 8. Nc3
O-O 9. Bc4+ Kh8 10. Nd5 Na5 11. Bd3 Bb6 12. b4 Nc6 13. Bc4 Re8 14. Nh4 Be6 15.
Bxf6 gxf6 16. Qh5 Nxb4 17. a4 Bxd5 18. exd5 Qd7 19. c3 Na6 20. Bb5 Qd8 21. Bxe8
Qxe8 22. Qh6 Qf7 23. c4 f5 24. Ra3 f4 25. Rh3 Rg8 26. g3 Nb4 27. Nf3 fxg3 28.
hxg3 Rg7 29. Ng5 Qf5 30. Ne6 Rf7 31. Rh2 Nd3 32. Qh4 c6 33. g4 Qg6 34. Rg2 e4
35. Ng5 Rg7 36. c5 Nxc5 37. Nh3 Nd3 38. dxc6 bxc6 39. Kh1 Ne5 40. g5 Nf3 41. Qg4
d5 42. Rb1 Ne5 43. Qg3 e3 44. Rxb6 axb6 45. Qxe5 Qc2 46. fxe3 Qxa4 47. Qe8+ Rg8
48. Qe5+ Rg7 49. Nf4 Qd1+ 50. Kh2 Qe1 51. Kh3 Qh1+ 52. Kg3 Qe1+ 53. Kg4 Qd1+ 54.
Kf5 c5 55. Ke6 Qa4 56. Ng6+ 1-0

[Event "Ogolnopolska Olimpiada Mlodziezy w Sportach Umyslowych - C12"]
[Site "Walbrzych, Zamek Ksiaz"]
[Date "2013-04-18"]
[Round "4.5"]
[White "Kowalski, Igor"]
[Black "Posluszny, Tomasz"]
[Result "0-1"]
[WhiteTitle "I"]
[BlackTitle "II"]
[WhiteElo "1824"]
[BlackElo "1516"]

1. e4 e5 2. Nf3 Nc6 3. Bc4 Be7 4. c3 Nf6 5. d3 d6 6. Bb3 a6 7. O-O O-O 8. Re1 Bg4
9. h3 Bh5 10. Nbd2 b5 11. Nf1 Na5 12. Bc2 c5 13. Ng3 Bg6 14. Nh4 Nd7 15. Nhf5
Nb6 16. Qg4 Bf6 17. Re3 Bxf5 18. Nxf5 g6 19. Rg3 Kh8 20. Bh6 Rg8 21. Ne3 Bg7 22.
Bxg7+ Rxg7 23. f4 Nd7 24. f5 Nf6 25. Qh4 Nh5 26. Qxd8+ Rxd8 27. Rf3 Nf4 28. Kh2
gxf5 29. exf5 d5 30. g3 Nh5 31. Ng2 Nf6 32. Re1 Re8 33. Rfe3 Nd7 34. Nf4 d4 35.
Re4 Nc6 36. Nh5 Rgg8 37. Bb3 Rgf8 38. a3 Re7 39. Bd5 Ndb8 40. Nf6 Kg7 41. Nh5+
Kh8 42. Rh4 f6 43. cxd4 cxd4 44. Rc1 Na7 45. Re4 a5 46. Re2 Rd7 47. Be6 Re7 48.
Rec2 Nbc6 49. Bd5 Nb8 50. Rc7 Rxc7 51. Rxc7 Nc8 52. Be6 Nd6 53. g4 e4 54. dxe4
Nxe4 55. Nf4 Na6 56. Nd3 0-1

[Event "Ogolnopolska Olimpiada Mlodziezy w Sportach Umyslowych - C12"]
[Site "Walbrzych, Zamek Ksiaz"]
[Date "2013-04-18"]
[Round "4.6"]
[White "Szpar, Milosz"]
[Black "Pultorak, Jan"]
[Result "1-0"]
[WhiteTitle "I"]
[BlackTitle "I"]
[WhiteElo "1717"]
[BlackElo "1803"]

1. e4 c5 2. Nf3 d6 3. d4 cxd4 4. Nxd4 Nf6 5. Nc3 a6 6. Bg5 e6 7. f4 Qc7 8. Qf3
b5 9. a3 Bb7 10. Bd3 Be7 11. O-O-O Nbd7 12. f5 e5 13. Nde2 Nxe4 14. Bxe4 Bxg5+
15. Kb1 Nc5 16. Bxb7 Nxb7 17. Nd5 Qd8 18. f6 Bh6 19. Ng3 g6 20. Rhe1 Rb8 21. Ne4
Qd7 22. g4 Bf8 23. Re3 Nd8 24. Ne7 Bxe7 25. fxe7 Qxe7 26. Nxd6+ Kf8 27. Qd5 Qe6
28. Qc5 Kg7 29. Rxe5 Qxg4 30. Rf1 Qd7 31. Re7 Qh3 32. Qe5+ Kh6 33. Rfxf7 Nc6 34.
Qf4+ g5 35. Qf6+ Kh5 36. Rxh7+ Rxh7 37. Rxh7+ Kg4 38. Qf5# 1-0

[Event "Ogolnopolska Olimpiada Mlodziezy w Sportach Umyslowych - C12"]
[Site "Walbrzych, Zamek Ksiaz"]
[Date "2013-04-18"]
[Round "4.7"]
[White "Raczynski, Krzysztof"]
[Black "Lis, Mateusz"]
[Result "0-1"]
[WhiteTitle "II+"]
[BlackTitle "II+"]
[WhiteElo "1593"]
[BlackElo "1687"]

1. e4 c5 2. Nf3 d6 3. d4 cxd4 4. Nxd4 Nf6 5. Nc3 Nc6 6. f3 e5 7. Nb3 Be7 8. Be3
O-O 9. Bc4 Be6 10. Nd5 Bxd5 11. Bxd5 Rc8 12. c3 Qc7 13. O-O Rfd8 14. Qd2 a6 15.
a4 Nxd5 16. Qxd5 Bf6 17. a5 Ne7 18. Qd3 Qc6 19. Rfd1 Rd7 20. Bb6 Ng6 21. Nc5 Nf4
22. Qd2 Bg5 23. Nxd7 Nh3+ 24. gxh3 Bxd2 25. Rxd2 Qxd7 26. Rad1 Qxh3 27. Rxd6 h6
28. R1d3 Kh7 29. b4 Qh4 30. Bc5 Qe1+ 31. Kg2 h5 32. h3 Qe2+ 33. Kg3 h4+ 34. Kxh4
Qg2 35. Bb6 g5+ 36. Kh5 Qxh3+ 37. Kxg5 Rg8+ 38. Kf6 Qh6+ 39. Ke7 Qg7 40. f4 f6+
41. Ke6 Re8+ 42. Kd5 Qf7+ 0-1

[Event "Ogolnopolska Olimpiada Mlodziezy w Sportach Umyslowych - C12"]
[Site "Walbrzych, Zamek Ksiaz"]
[Date "2013-04-18"]
[Round "4.8"]
[White "Wyczling, Bartosz"]
[Black "Ryk, Mikolaj"]
[Result "1-0"]
[WhiteTitle "II+"]
[BlackTitle "II"]
[WhiteElo "1704"]
[BlackElo "1555"]

1. d4 f5 2. c4 e6 3. Nc3 Nf6 4. Bg5 Be7 5. e3 O-O 6. Bd3 d5 7. Nge2 c6 8. f3 Qe8
9. Qc2 Qg6 10. Bxf6 Bxf6 11. Rg1 Qh6 12. Nf4 Qxh2 13. Nce2 Qh6 14. O-O-O Bg5 15.
Rh1 Qf6 16. Qd2 b6 17. cxd5 cxd5 18. Kb1 Qe7 19. g4 Ba6 20. gxf5 Bxd3+ 21. Qxd3
Bxf4 22. Nxf4 Rxf5 23. Rdg1 Qf7 24. Rh6 Kh8 25. Ng6+ Kg8 26. Nh4 Rf6 27. Qxh7+
Kf8 28. Qh8+ Qg8 29. Rxf6+ Ke7 30. Qxg8 Kxf6 31. Qxg7# 1-0

[Event "Ogolnopolska Olimpiada Mlodziezy w Sportach Umyslowych - C12"]
[Site "Walbrzych, Zamek Ksiaz"]
[Date "2013-04-18"]
[Round "4.9"]
[White "Polczyk, Mikolaj"]
[Black "Sernecki, Franciszek"]
[Result "0-1"]
[WhiteTitle "II+"]
[BlackTitle "II+"]
[WhiteElo "1515"]
[BlackElo "1696"]

1. e4 c5 2. Nf3 e6 3. c3 Nc6 4. Bb5 d5 5. exd5 exd5 6. d4 Bd6 7. dxc5 Bxc5 8. O-O
Nge7 9. Nbd2 O-O 10. Nb3 Bb6 11. Bd3 h6 12. h3 Bf5 13. Bxf5 Nxf5 14. Qd3 Qd7 15.
Re1 Rfe8 16. Bf4 Rad8 17. Rxe8+ Rxe8 18. g4 Nfe7 19. Rd1 Rd8 20. Nbd4 Nxd4 21.
Nxd4 Bc7 22. Bxc7 Qxc7 23. Ne2 Nc6 24. Qf5 Qa5 25. Rd3 Qxa2 26. Rf3 Rf8 27. Nf4
Ne7 28. Qd7 Qb1+ 29. Kg2 Qe4 30. Qb5 Ng6 31. Nxg6 fxg6 32. Qd3 Rxf3 33. Qxf3 Qxf3+
34. Kxf3 Kf7 35. Ke3 Ke6 36. Kd4 b6 37. f4 h5 38. b3 a5 39. c4 dxc4 40. Kxc4 Kd6
41. Kb5 Kc7 42. gxh5 gxh5 43. h4 g6 44. Kc4 Kc6 45. Kd4 b5 46. Ke5 a4 47. bxa4
bxa4 48. Kf6 a3 49. Kxg6 a2 50. f5 a1=Q 51. f6 Kd7 0-1

[Event "Ogolnopolska Olimpiada Mlodziezy w Sportach Umyslowych - C12"]
[Site "Walbrzych, Zamek Ksiaz"]
[Date "2013-04-18"]
[Round "4.10"]
[White "Mendak, Mateusz"]
[Black "Szymanowski, Igor"]
[Result "1/2-1/2"]
[WhiteTitle "II"]
[BlackTitle "II"]
[WhiteElo "1565"]
[BlackElo "1654"]

1. e4 c5 2. Nf3 d6 3. c4 e6 4. d4 cxd4 5. Nxd4 Nf6 6. Nc3 Be7 7. Be2 O-O 8. Be3
a6 9. O-O Qc7 10. f4 Nc6 11. Qd2 Rd8 12. Rac1 Nxd4 13. Bxd4 e5 14. Be3 Bd7 15.
Rfd1 Bc6 16. Bf3 Rac8 17. Kh1 b6 18. Qf2 Rb8 19. Nd5 Bxd5 20. cxd5 Qb7 21. f5
b5 22. Rc6 Rdc8 23. Rdc1 Rxc6 24. dxc6 Qc7 25. Ba7 Rc8 26. Bb6 Qb8 27. c7 Qb7
28. Qe3 Ne8 29. Bg4 Bf6 30. Ba5 Kf8 31. Bh3 h6 32. Qd3 Ke7 33. Qc2 Kd7 34. Qb3
Ke7 35. Qc2 b4 36. Qc4 Qb5 37. Qxb5 axb5 38. Bxb4 Rxc7 39. Rxc7+ Nxc7 40. g3 Kd7
41. Bf1 Kc6 42. Kg2 d5 43. Ba5 dxe4 44. Bxc7 Kxc7 45. Bxb5 Bg5 46. Bc4 Bc1 47.
b3 f6 48. b4 Ba3 49. b5 Kb6 50. Kf2 Bc5+ 51. Ke2 Bd4 52. a4 Kc5 53. Bb3 Kb4 54.
Bc2 e3 55. Kd3 Kc5 56. Bd1 Kb4 57. h3 Kc5 58. h4 Kb4 59. h5 Kc5 60. Ke4 Kc4 61.
Kf3 Kc3 62. Be2 Kd2 63. Bc4 Bb6 64. Bf1 Bc7 65. Bc4 Bd8 66. Bf1 Bb6 67. g4 Bd8
68. Bc4 Ba5 69. Bf1 Bb6 70. Bc4 Kc3 71. Be2 Kd4 72. Bd1 Bc7 73. Be2 Bb6 1/2-1/2

[Event "Ogolnopolska Olimpiada Mlodziezy w Sportach Umyslowych - C12"]
[Site "Walbrzych, Zamek Ksiaz"]
[Date "2013-04-18"]
[Round "4.11"]
[White "Kawaler, Adam"]
[Black "Laszczak, Przemyslaw"]
[Result "1-0"]
[WhiteTitle "II+"]
[BlackTitle "II+"]
[WhiteElo "1633"]
[BlackElo "1506"]

1. e4 e6 2. b3 d5 3. Bb2 dxe4 4. Nc3 Nf6 5. g4 h6 6. Bg2 Bd7 7. Nxe4 Nxe4 8. Bxe4
Bc6 9. Qe2 Qd7 10. Nf3 Bxe4 11. Qxe4 Nc6 12. O-O-O O-O-O 13. Rhe1 Qd5 14. d4 Bd6
15. Qxd5 exd5 16. Ne5 Nxe5 17. dxe5 Bb4 18. Re3 c5 19. c3 Ba5 20. Red3 Bb6 21.
Rxd5 Rxd5 22. Rxd5 Rd8 23. c4 Rxd5 24. cxd5 c4 25. f3 cxb3 26. axb3 Be3+ 27. Kc2
g5 28. e6 fxe6 29. dxe6 Kd8 30. Bg7 Ke7 31. Bxh6 Kxe6 32. h4 b5 33. Bxg5 Bd4 34.
Kd3 Bb2 35. Be3 a5 36. h5 a4 37. bxa4 bxa4 38. Kc2 a3 39. Kb3 Kf7 40. g5 Kg7 41.
f4 Kg8 42. Bd2 Kf7 43. f5 Kg8 44. g6 Kf8 45. h6 Kg8 46. h7+ Kf8 47. Bc3 Bxc3 48.
Kxc3 Kg7 49. f6+ Kh8 50. f7 Kg7 51. h8=Q+ Kxg6 52. f8=R Kg5 53. Rf6 a2 54. Qg7+
Kh4 55. Rh6# 1-0